The face of Christ /

Bibliographic Details
Main Author: Thomas, Denis
Format: Book
Language:English
Published: Garden City, N.Y. : Doubleday, [1979]
Subjects:

MARC

Tag First Indicator Second Indicator Subfields
LEADER 00000cam a2200000 i 4500
001 in00000056747
005 20151008050358.0
008 800114s1979 nyua b 00110 eng
010 |a  78020744  
020 |a 0385153066 :  |c $14.95 
035 |a (OCoLC)05738459 
035 |9 AAG0720AM 
040 |a DLC  |c DLC  |d TXA  |d UtOrBLW 
049 |a TXAM  |c [1497330] 
050 0 0 |a N8050  |b .T555 
082 0 |a 704.9/4853 
100 1 |a Thomas, Denis. 
245 1 4 |a The face of Christ /  |c Denis Thomas. 
264 1 |a Garden City, N.Y. :  |b Doubleday,  |c [1979] 
264 4 |c ©1979 
300 |a 157 pages :  |b illustrations (some color) ;  |c 31 cm. 
336 |a text  |b txt  |2 rdacontent 
337 |a unmediated  |b n  |2 rdamedia 
338 |a volume  |b nc  |2 rdacarrier 
500 |a Includes index. 
504 |a Bibliography: page 154. 
600 0 0 |a Jesus Christ  |v Art. 
999 |a MARS 
999 f f |s 0db0a412-df5c-325a-84e0-38bb2c678eb5  |i c02ef863-b35f-3deb-8d63-0276b8d9f8b9  |t 0 
952 f f |p normal  |a Texas A&M University  |b College Station  |c Sterling C. Evans Library  |d Evans: Library Stacks  |t 0  |e N8050 .T555  |h Library of Congress classification  |i unmediated -- volume  |m A14803404983 
998 f f |a N8050 .T555  |t 0  |l Evans: Library Stacks